[Event "BCC #7"]
[Site "?"]
[Date "2015.05.30"]
[Round "1.1"]
[White "Booth, Tom R"]
[Black "Gorman, Cody A.M"]
[Result "0-1"]
[WhiteElo "1572"]
[BlackElo "1885"]

1. d4 e6 2. e4 b6 3. Nf3 Bb7 4. Nc3 Bb4 5. Bd3 Nf6 6. Bg5 h6 7. Bxf6 Bxc3+ 8.
bxc3 Qxf6 9. O-O d6 10. Re1 e5 11. d5 O-O 12. a4 a5 13. Qe2 Nd7 14. h3 Nc5 15.
Nd2 Qg5 16. Nf3 Qe7 17. Nd2 Bc8 18. Nb3 Nd7 19. Nd2 Nf6 20. Nf3 Nh5 21. Rab1
Nf4 22. Qe3 Qf6 23. Bf1 Bd7 24. Ra1 Kh7 25. Ra2 g5 26. g3 Nxh3+ 27. Bxh3 Bxh3
28. Kh2 Bd7 29. Kg2 Kg7 30. c4 Qg6 31. g4 Bxg4 32. Rh1 f5 33. exf5 Rxf5 34.
Nd2 Raf8 35. Ne4 Bf3+ 36. Kg3 {#R} 0-1

[Event "BCC #7"]
[Site "?"]
[Date "2015.05.30"]
[Round "2.5"]
[White "White, Matthew William"]
[Black "Booth, Tom R"]
[Result "0-1"]
[WhiteElo "1077"]
[BlackElo "1572"]

1. e4 e6 2. Nf3 d5 3. exd5 exd5 4. d4 Nf6 5. Nc3 Be7 6. Bg5 c6 7. Bxf6 Bxf6 8.
Qe2+ Be6 9. g4 O-O 10. g5 Bxg5 11. Nxg5 Qxg5 12. Qe3 Qxe3+ 13. fxe3 Re8 14.
O-O-O Nd7 15. Bg2 Nf6 16. e4 Nxe4 17. Bxe4 dxe4 18. Nxe4 Bd5 19. Nd6 Bxh1 20.
Nxe8 Rxe8 21. Rxh1 Kf8 22. Kd2 Rd8 23. Kd3 c5 24. Re1 Rxd4+ 25. Kc3 b5 26. a3
a5 27. Re5 b4+ 28. axb4 axb4+ 29. Kb3 Rh4 30. Re2 Rh5 31. Kc4 f6 32. Kd3 Kf7
33. Rf2 Ke6 34. Ke4 Re5+ 35. Kd3 g5 36. Kc4 h5 37. b3 f5 38. Kb5 f4 39. h3 Rf5
40. Kc6 g4 41. Re2+ Re5 42. Rd2 f3 43. hxg4 hxg4 44. Rd6+ Kf5 45. Rd5 Rxd5 46.
Kxd5 f2 47. Kxc5 f1=Q 48. Kxb4 g3 49. c4 g2 50. c5 g1=Q 51. c6 Qa7 52. c7 Qxc7
53. Ka4 Qb6 54. Ka3 Qb1 55. b4 Q1xb4+ 56. Ka2 Qb2# 0-1

[Event "BCC #7"]
[Site "?"]
[Date "2015.05.30"]
[Round "3.3"]
[White "Booth, Tom R"]
[Black "Buus, Jarod N"]
[Result "0-1"]
[WhiteElo "1572"]
[BlackElo "1669"]

1. d4 d5 2. c4 c6 3. cxd5 cxd5 4. Nc3 Bf5 5. Nf3 e6 6. e3 a6 7. Bd3 Bxd3 8.
Qxd3 Nc6 9. a3 Bd6 10. O-O Nf6 11. Re1 O-O 12. e4 dxe4 13. Nxe4 Be7 14. Bg5
Nd5 15. Bxe7 Ndxe7 16. Rad1 Qb6 17. b4 Rfd8 18. Nc5 Rd5 19. Qe4 Rad8 20. Nxe6
fxe6 21. Qxe6+ Kh8 22. Ne5 Rxe5 23. dxe5 Ng6 24. Rd7 Nf8 25. Rxd8 Qxd8 26. Qd6
Qe8 27. e6 Ng6 28. Qd7 Qe7 29. Qxe7 Ngxe7 30. Rd1 g6 31. Rd7 b5 32. Kf1 Kg7
33. Ke2 Kf6 34. Rd3 Kxe6 35. Rh3 h5 36. Re3+ Kd5 37. Rd3+ Kc4 38. Kd2 Nd5 39.
Rg3 Ne5 40. Rg5 Kd4 41. h3 Ke4 42. Rg3 Kf5 43. h4 Kf4 44. Rh3 Kg4 45. Rh1 Nc4+
46. Ke2 Nf4+ 47. Kf1 Nxa3 48. g3 Nd3 49. Ke2 Nxb4 50. Rb1 {#R} 0-1

[Event "BCC #7"]
[Site "?"]
[Date "2015.05.30"]
[Round "4.3"]
[White "Siek, Justin"]
[Black "Booth, Tom R"]
[Result "0-1"]
[WhiteElo "1077"]
[BlackElo "1572"]

1. e4 e6 2. d4 d5 3. e5 c5 4. c3 Nc6 5. Nf3 a6 6. a3 Qb6 7. Be2 cxd4 8. Nxd4
Nxd4 9. cxd4 Ne7 10. b4 Bd7 11. Be3 Rc8 12. Ra2 Nf5 13. O-O Be7 14. Qd2 O-O
15. Rc1 Rxc1+ 16. Qxc1 Nxe3 17. fxe3 Bg5 18. Qd2 Rc8 19. Nc3 Qc7 20. Rc2 Qb6
21. Nd1 Rxc2 22. Qxc2 Qc6 23. Qc5 Qxc5 24. dxc5 f6 25. exf6 Bxf6 26. Kf2 Kf7
27. Kf3 Bc6 28. Kf4 d4 29. exd4 Bxd4 30. g3 h6 31. Bf3 g5+ 32. Kg4 h5+ 33.
Kxg5 Bxf3 {#R} 0-1

[Event "BCC #9"]
[Site "Boise, ID"]
[Date "2015.08.29"]
[Round "1.6"]
[White "Etulain, Jean Mikel"]
[Black "Booth, Tom R"]
[Result "0-1"]
[WhiteElo "408"]
[BlackElo "1562"]

1. e4 e6 2. Nc3 d5 3. exd5 exd5 4. d4 Nf6 5. Nf3 Be7 6. Bb5+ c6 7. Bg5 cxb5 8.
Qe2 O-O 9. Bxf6 Bxf6 10. Qxb5 Re8+ 11. Kf1 a6 12. Qxd5 Qxd5 13. Nxd5 Bd8 14.
Ng5 Bxg5 15. Nc7 Re7 16. Nxa8 Bd7 17. h4 Bb5+ 18. Kg1 Bf6 19. d5 Bxb2 20. d6
Rd7 21. Rb1 Be5 22. Nc7 Rxd6 23. Nxb5 axb5 24. Rxb5 Rd1# 0-1

[Event "BCC #9"]
[Site "Boise, ID"]
[Date "2015.08.29"]
[Round "2.3"]
[White "Booth, Tom R"]
[Black "Buus, Jarod N"]
[Result "0-1"]
[WhiteElo "1562"]
[BlackElo "1703"]

1. d4 d5 2. c4 c6 3. cxd5 cxd5 4. Nf3 Nf6 5. Nc3 Nc6 6. e3 Bf5 7. Bb5 a6 8.
Bxc6+ bxc6 9. Ne5 Qc7 10. Qa4 Bd7 11. O-O e6 12. Bd2 c5 13. Nxd7 Qxd7 14.
Qxd7+ Kxd7 15. dxc5 Bxc5 16. Rfc1 Rhc8 17. Na4 Ba7 18. Ba5 Rc6 19. Rxc6 Kxc6
20. Be1 d4 21. Rc1+ Kb5 22. b3 dxe3 23. Nc3+ Kb6 24. fxe3 Kb7 25. Bf2 Rc8 26.
Ne2 Rxc1+ 27. Nxc1 Ng4 28. Nd3 Bxe3 29. Bxe3 Nxe3 30. Kf2 Nd1+ 31. Kf3 Nc3 32.
Nc1 e5 33. Ke3 f5 34. Kd3 Nd5 35. g3 g5 36. Ne2 Kc6 37. Ng1 Kc5 38. Nh3 h6 39.
Nf2 e4+ 40. Nxe4+ fxe4+ 41. Kxe4 Nc3+ 42. Kf5 Nxa2 43. Kg6 Nc1 44. Kxh6 Nxb3
45. Kxg5 {#R} 0-1

[Event "BCC #9"]
[Site "Boise, ID"]
[Date "2015.08.29"]
[Round "3.4"]
[White "Booth, Tom R"]
[Black "Siek, Justin"]
[Result "1/2-1/2"]
[WhiteElo "1562"]
[BlackElo "1172"]

1. d4 d5 2. c4 c6 3. cxd5 cxd5 4. Nf3 Nf6 5. Nc3 Nc6 6. e3 Bg4 7. Be2 e6 8. h3
Bf5 9. Bb5 a6 10. Bxc6+ bxc6 11. Ne5 c5 12. Qa4+ Nd7 13. O-O c4 14. Bd2 f6 15.
Nf3 Bd6 16. Rfc1 O-O 17. Qd1 e5 18. Nxd5 Bd3 19. Bb4 Bxb4 20. Nxb4 e4 21. Nxd3
cxd3 22. Qb3+ Kh8 23. Nd2 f5 24. Rc4 Qa5 25. Qb4 Qxb4 26. Rxb4 Rfc8 27. Rc4
Rxc4 28. Nxc4 Rc8 29. b3 Nf6 30. Kf1 Kg8 31. Ke1 Kf8 32. Kd2 Nd5 33. a3 g5 34.
Rc1 Ke7 35. Ne5 Rxc1 36. Kxc1 f4 37. exf4 gxf4 38. Kd2 Kd6 39. Nf7+ Ke7 40.
Ng5 Nf6 41. h4 h6 42. Nh3 Nd5 43. b4 Kd6 44. h5 Kc6 {#d} 1/2-1/2

[Event "BCC #9"]
[Site "Boise, ID"]
[Date "2015.08.29"]
[Round "4.4"]
[White "Zaklan, David"]
[Black "Booth, Tom R"]
[Result "1-0"]
[WhiteElo "1453"]
[BlackElo "1562"]

1. d4 e6 2. c4 d5 3. Nf3 Nf6 4. Nbd2 Be7 5. b3 O-O 6. e3 Nbd7 7. Bd3 c5 8. Bb2
b6 9. O-O Bb7 10. Re1 Ne4 11. Qc2 Ndf6 12. Ne5 Rc8 13. Rad1 a6 14. f3 Nd6 15.
e4 cxd4 16. Bxd4 dxe4 17. Nxe4 Nfxe4 18. Bxe4 Qc7 19. Bxh7+ Kh8 20. Be4 Nxe4
21. fxe4 Rfd8 22. Nxf7+ Kg8 23. Nxd8 Rxd8 24. Qf2 e5 25. Bxb6 Rf8 26. Qxf8+
Bxf8 27. Bxc7 Bc5+ 28. Kh1 Bd4 29. Rf1 Bxe4 30. Rfe1 Bg6 31. Bxe5 Bf2 32. Re2
Bc5 33. Bb2 Kf7 34. Rf1+ Kg8 35. Re6 Bd3 36. Rd1 Bf5 37. Re5 {#r} 1-0

[Event "FM David Lucky Simul"]
[Site "Boise, ID"]
[Date "2016.01.30"]
[Round "15"]
[White "Lucky, David"]
[Black "Booth, Tom R"]
[Result "1-0"]
[WhiteElo "2381"]
[BlackElo "1517"]
[EventCountry "USA"]

1. e4 e6 2. d4 d5 3. Nc3 Nf6 4. Bg5 Be7 5. e5 Nfd7 6. h4 Nc6 7. Qg4 h6 8. Bxe7
Qxe7 9. Qxg7 Qf8 10. Qxf8+ Nxf8 11. Bb5 Bd7 12. Nge2 O-O-O 13. O-O-O Ng6 14.
a3 Rdf8 15. h5 Nge7 16. Bd3 f6 17. f4 f5 18. Rdg1 Rhg8 19. Nd1 Rg7 20. c3 Rfg8
21. Kd2 Be8 22. Ke3 Na5 23. b4 Nac6 24. Nf2 Kd7 25. Kf3 Kd8 26. g4 fxg4+ 27.
Nxg4 Rh8 28. Nf6 Rxg1 29. Rxg1 Bf7 30. Rg7 Be8 31. Ng3 Nb8 32. f5 exf5 33.
Nxf5 Nxf5 34. Bxf5 Rf8 35. Kg4 Nc6 36. Nxe8 Rxe8 37. Rd7+ Kc8 38. Rxd5+ Kb8
39. Rd7 a6 40. Rh7 Ne7 41. Bg6 {#r} 1-0

[Event "Idaho Closed"]
[Site "Twin Falls, ID"]
[Date "2016.02.13"]
[Round "2.8"]
[White "Booth, Tom R"]
[Black "Glenn, John Dennis"]
[Result "1/2-1/2"]
[WhiteElo "1517"]
[BlackElo "1855"]
[EventRounds "6"]
[EventCountry "USA"]

1. d4 f5 2. e3 Nf6 3. Nf3 g6 4. Be2 Bg7 5. O-O O-O 6. c4 d6 7. Nc3 c6 8. d5
Na6 9. dxc6 bxc6 10. Rb1 c5 11. Nd5 Rb8 12. a3 Ne4 13. Nd2 Nxd2 14. Qxd2 e6
15. Nc3 Nc7 16. Rd1 Ne8 17. Nb5 Rxb5 18. cxb5 d5 19. b4 c4 20. Bxc4 Nf6 21. f3
f4 22. Be2 e5 23. Bb2 fxe3 24. Qxe3 d4 25. Bc4+ Kh8 26. Qxe5 Ng4 27. Qd5 Qxd5
28. Bxd5 Ne3 29. Rd2 Nxd5 30. Bxd4 Bxd4+ {#d} 1/2-1/2

[Event "Idaho Closed"]
[Site "Twin Falls, ID"]
[Date "2016.02.14"]
[Round "3.6"]
[White "Kircher, Caleb Paul"]
[Black "Booth, Tom R"]
[Result "1-0"]
[WhiteElo "1922"]
[BlackElo "1517"]
[EventRounds "6"]
[EventCountry "USA"]

1. f4 e6 2. Nf3 b6 3. e4 Nf6 4. d3 Bb7 5. Nc3 Be7 6. g3 O-O 7. Bg2 Nc6 8. O-O
Rb8 9. Re1 d6 10. d4 e5 11. d5 Nd4 12. Nxd4 exd4 13. Qxd4 Qd7 14. h3 Rfe8 15.
Be3 Bf8 16. Bf2 a6 17. Rad1 h6 18. Qd3 Re7 19. Bd4 Rbe8 20. Bxf6 gxf6 21. Ne2
Bg7 22. Nd4 Rb8 23. Nf5 Ree8 24. Qf3 Kh7 25. c4 Rg8 26. Qh5 Rbf8 27. Bf3 Bc8
28. Bg4 Qd8 29. b3 Bxf5 30. Bxf5+ Kh8 31. Kh2 Qe7 32. Rg1 b5 33. g4 bxc4 34.
bxc4 Rb8 35. Rg2 Rb4 36. g5 fxg5 37. fxg5 Qe5+ 38. Kh1 Qf4 39. Rdg1 Rxc4 40.
gxh6 {#r} 1-0

[Event "Idaho Closed"]
[Site "Twin Falls, ID"]
[Date "2016.02.15"]
[Round "5.9"]
[White "Booth, Tom R"]
[Black "Naccarato, Savanna"]
[Result "0-1"]
[WhiteElo "1517"]
[BlackElo "1699"]
[EventRounds "6"]
[EventCountry "USA"]

1. d4 d5 2. c4 c6 3. e3 Nf6 4. Nf3 Bg4 5. cxd5 Bxf3 6. Qxf3 cxd5 7. Bb5+ Nbd7
8. O-O e6 9. Nc3 Bd6 10. e4 dxe4 11. Nxe4 Nxe4 12. Qxe4 Qc7 13. Bxd7+ Kxd7 14.
g3 f5 15. Qf3 Raf8 16. Bf4 Bxf4 17. gxf4 h6 18. d5 g5 19. dxe6+ Kxe6 20. Qe3+
Kf6 21. Qd4+ Kg6 22. Rfe1 Qxf4 23. Re6+ Kh5 24. Qxf4 gxf4 25. Rd1 Rhg8+ 26.
Kh1 f3 27. Rdd6 Rd8 28. Rxh6+ Kg5 29. h4+ Kf4 30. Rxd8 Rxd8 31. h5 Rd1+ 32.
Kh2 Rf1 33. Rd6 Rxf2+ 34. Kg1 Rg2+ 35. Kf1 Rxb2 36. h6 Rh2 37. Rd7 Rxh6 38.
Rxb7 a6 39. a4 Rh1+ 40. Kf2 Rh2+ 41. Kf1 Ra2 42. Ra7 Rxa4 43. Kf2 Ra2+ 44. Kf1
a5 45. Ra8 a4 46. Ra7 a3 47. Ra8 Ke3 48. Re8+ Kd4 49. Rd8+ Ke5 50. Re8+ Kd6
51. Rd8+ Ke7 52. Rd3 f2 53. Re3+ Kf6 54. Rd3 f4 55. Rd6+ Ke5 56. Ra6 Kd4 57.
Ra8 Ke3 58. Re8+ Kf3 {#R} 0-1

[Event "Idaho Open"]
[Site "Boise, ID"]
[Date "2016.06.18"]
[Round "1.2"]
[White "Booth, Tom R"]
[Black "Morrow, Hans M"]
[Result "1/2-1/2"]
[WhiteElo "1500"]
[BlackElo "1927"]
[EventRounds "5"]
[EventCountry "USA"]

1. d4 Nf6 2. c4 e6 3. Nc3 d5 4. Bg5 Be7 5. e3 h6 6. Bh4 b6 7. cxd5 Nxd5 8.
Bxe7 Qxe7 9. Nxd5 exd5 10. Nf3 O-O 11. Be2 Bb7 12. O-O Nd7 13. Rc1 Rfc8 14.
Qd2 c5 15. dxc5 bxc5 16. Rfd1 Nf6 17. h3 a5 18. a4 Ne4 19. Qe1 Qf6 20. Bd3 Qe7
21. Bxe4 Qxe4 22. Qc3 Qxa4 23. Qe5 Qc6 24. Nd4 Qc7 25. Qxc7 Rxc7 26. Nb5 Rcc8
27. Nd6 Rab8 28. Nxc8 Rxc8 29. Rd2 Kf8 30. Rdc2 c4 31. b3 Ba6 32. bxc4 dxc4
33. Ra1 Rc5 34. Rc3 Ke7 35. Kf1 Kd6 36. Ke1 Kc6 37. Rca3 Kb6 38. Rc3 Bb5 39.
e4 a4 40. Kd2 Ka5 41. Ke3 f5 42. Kd4 Rc8 43. e5 Rd8+ 44. Kc5 Rc8+ 45. Kd6 Kb4
46. Rcc1 c3 47. Rab1+ Kc4 48. Rxc3+ Kxc3 49. Rc1+ Kb3 50. Rxc8 a3 {#d} 1/2-1/2

[Event "Idaho Open"]
[Site "Boise, ID"]
[Date "2016.06.18"]
[Round "2.7"]
[White "Zaklan, David"]
[Black "Booth, Tom R"]
[Result "0-1"]
[WhiteElo "1510"]
[BlackElo "1500"]
[EventRounds "5"]
[EventCountry "USA"]

1. d4 d5 2. c4 e6 3. Nf3 Nf6 4. Bf4 Bb4+ 5. Nc3 c6 6. a3 Bd6 7. Bxd6 Qxd6 8.
c5 Qe7 9. e3 Nbd7 10. Bd3 e5 11. dxe5 Nxe5 12. Nxe5 Qxe5 13. O-O O-O 14. Re1
Qc7 15. Qc2 Re8 16. Ne2 Bd7 17. b4 a6 18. Nd4 g6 19. a4 Ng4 20. g3 Ne5 21. Be2
Re7 22. b5 axb5 23. axb5 Ree8 24. b6 Qd8 25. Ra2 Qf6 26. Rea1 Rab8 27. Ra7 Ng4
28. Bxg4 Bxg4 29. R1a3 Bh3 30. Qa2 Qxd4 31. Qa1 Qxa1+ 32. Rxa1 Bf5 33. R7a4
Bd3 34. Rd4 Ba6 35. Rad1 Re4 36. Rxe4 dxe4 37. Rd4 Re8 38. Kg2 Kf8 39. h3 f5
40. g4 fxg4 41. hxg4 Kf7 42. Kg3 Re6 43. Kf4 h6 44. Rxe4 Rxe4+ 45. Kxe4 Ke6
46. f4 Bf1 47. f5+ gxf5+ 48. gxf5+ Kf6 49. Kf4 Bd3 50. e4 Bxe4 51. Kxe4 h5 52.
Kf4 h4 53. Kg4 h3 54. Kxh3 Kxf5 55. Kg3 Ke4 56. Kf2 Kd4 57. Ke2 {#R} 0-1